[Event "Krakow op-A 33rd"]
[Site "Krakow"]
[Date "2023.01.02"]
[Round "6"]
[White "Bus, Konrad"]
[Black "Luczak, Filip"]
[Result "1/2-1/2"]
[WhiteElo "2218"]
[BlackElo "2326"]
[PlyCount "116"]
[EventDate "2022.12.27"]
[EventType "swiss"]
[EventRounds "9"]
[EventCountry "POL"]
[SourceTitle "CBM 212 Extra"]
[Source "ChessBase"]
[SourceDate "2023.03.31"]
[SourceVersion "1"]
[SourceVersionDate "2023.03.31"]
[SourceQuality "1"]

1. d4 Nf6 2. Nf3 g6 3. g3 Bg7 4. Bg2 0-0 5. 0-0 d6 6. b3 b5 7. Bb2 Bb7 8. Nbd2 Nbd7 9. Re1 c5 10. c4 cxd4 11. Nxd4 Bxg2 12. Kxg2 bxc4 13. Nxc4 Rc8 14. Nf3 Nb6 15. Nxb6 Qxb6 16. Qd4 Qa6 17. Qd3 Qxd3 18. exd3 Rc2 19. Bd4 Ng4 20. h3 Nxf2 21. Bxf2 Bxa1 22. Rxa1 Rfc8 23. Ne1 Rc1 24. Rxc1 Rxc1 25. Kf3 a6 26. Ke2 Ra1 27. Nc2 Rxa2 28. Kd2 Ra5 29. Nb4 f5 30. Kc3 Kf7 31. d4 g5 32. Be3 h6 33. Kb2 e5 34. Bd2 f4 35. gxf4 exf4 36. Nd3 Rb5 37. Kc2 Ke6 38. Nf2 Kf5 39. b4 Rb8 40. Kd3 Re8 41. Nd1 h5 42. Nc3 g4 43. hxg4+ hxg4 44. Ne2 f3 45. Ng3+ Kg6 46. Be3 d5 47. Nf1 Rh8 48. Bf2 Kg5 49. Bg3 Rh1 50. Ne3 Rh3 51. Nf1 Rxg3 52. Nxg3 Kh4 53. Nf1 Kh3 54. Ke3 Kg2 55. Nd2 f2 56. Ke2 g3 57. Nf1 Kh3 58. Ne3 Kh2 1/2-1/2

[Event "Krakow op-A 33rd"]
[Site "Krakow"]
[Date "2023.01.02"]
[Round "7"]
[White "Luczak, Filip"]
[Black "Jaskolka, Tomasz"]
[Result "1-0"]
[WhiteElo "2326"]
[BlackElo "2188"]
[PlyCount "105"]
[EventDate "2022.12.27"]
[EventType "swiss"]
[EventRounds "9"]
[EventCountry "POL"]
[SourceTitle "CBM 212 Extra"]
[Source "ChessBase"]
[SourceDate "2023.03.31"]
[SourceVersion "1"]
[SourceVersionDate "2023.03.31"]
[SourceQuality "1"]

1. Nc3 c5 2. Nf3 e6 3. d4 cxd4 4. Nxd4 Nc6 5. Ndb5 Bb4 6. e4 Nf6 7. Bf4 0-0 8. Bc7 Qe7 9. Bd6 Bxd6 10. Qxd6 a6 11. Qxe7 Nxe7 12. Nd6 Ne8 13. 0-0-0 Nxd6 14. Rxd6 f5 15. Bd3 b5 16. Rd1 Ra7 17. exf5 Nxf5 18. Bxf5 Rxf5 19. f3 Rc7 20. Ne4 Bb7 21. Ng3 Rf7 22. Ne2 Kf8 23. Rb6 Ke7 24. Rd3 Bc8 25. a4 bxa4 26. Rb4 a5 27. Rxa4 Ba6 28. Rc3 Rxc3 29. Nxc3 Bf1 30. Rg4 d5 31. Kd2 Kd6 32. Ke1 Bc4 33. b3 Ba6 34. Ra4 Bb7 35. Rxa5 Bc6 36. Ra6 Rb7 37. f4 h6 38. Ne2 Kc5 39. c3 Bb5 40. b4+ Kc4 41. Rxe6 Ra7 42. Kd2 Ra2+ 43. Ke3 d4+ 44. Nxd4 Rxg2 45. Re5 Kxc3 46. Nxb5+ Kxb4 47. h4 g6 48. Nd6 Rh2 49. h5 Rh3+ 50. Ke4 g5 51. f5 g4 52. f6 g3 53. Kf3 1-0

[Event "POL-ch U18"]
[Site "Jastrzebia Gora"]
[Date "2023.??.??"]
[Round "3"]
[White "Ochedzan, Tymon"]
[Black "Luczak, Filip"]
[Result "1/2-1/2"]
[WhiteElo "2240"]
[BlackElo "2345"]
[PlyCount "60"]
[EventDate "2023.03.11"]
[EventType "swiss"]
[EventRounds "9"]
[EventCountry "POL"]
[SourceTitle "CBM 213 Extra"]
[Source "ChessBase"]
[SourceDate "2023.05.31"]
[SourceVersion "1"]
[SourceVersionDate "2023.05.31"]
[SourceQuality "1"]

1. e4 e6 2. d4 d5 3. Nc3 dxe4 4. Nxe4 Nd7 5. g3 b6 6. Bg2 Rb8 7. Ne2 Ngf6 8. Nxf6+ Nxf6 9. c4 Bb4+ 10. Bd2 Bxd2+ 11. Qxd2 Bb7 12. Bxb7 Rxb7 13. 0-0 0-0 14. Rfd1 c6 15. a4 Qe7 16. Ra3 Rd8 17. Rd3 h6 18. b3 Rbd7 19. Qe3 Qb4 20. Qf3 Rd6 21. Nf4 Qa5 22. Qe3 a6 23. Qe5 Qb4 24. Qe3 b5 25. axb5 axb5 26. Qd2 Qxd2 27. R1xd2 Kf8 28. f3 Ke7 29. Kf2 Ra8 30. Ke3 Ra3 1/2-1/2

[Event "Krakow op-A 33rd"]
[Site "Krakow"]
[Date "2022.12.29"]
[Round "3"]
[White "Luczak, Filip"]
[Black "Turski, Bartlomiej"]
[Result "1/2-1/2"]
[WhiteElo "2326"]
[BlackElo "2375"]
[PlyCount "97"]
[EventDate "2022.12.27"]
[EventType "swiss"]
[EventRounds "9"]
[EventCountry "POL"]
[SourceTitle "CBM 212 Extra"]
[Source "ChessBase"]
[SourceDate "2023.03.31"]
[SourceVersion "1"]
[SourceVersionDate "2023.03.31"]
[SourceQuality "1"]

1. d4 Nf6 2. Nf3 g6 3. c4 Bg7 4. Nc3 d6 5. e4 0-0 6. Be2 e5 7. dxe5 dxe5 8. 0-0 Nc6 9. Bg5 Qxd1 10. Rfxd1 Bg4 11. h3 Bxf3 12. Bxf3 Nd4 13. Nd5 Nxd5 14. cxd5 c6 15. dxc6 bxc6 16. Rac1 Rfb8 17. Rd2 Bf8 18. Be3 c5 19. Be2 Rb4 20. Bc4 Rd8 21. Bd5 Kg7 22. Kf1 f5 23. f3 f4 24. Bf2 Rdb8 25. b3 Bd6 26. Rd3 R4b6 27. Bc4 Kf6 28. Be1 Rc6 29. Ba5 Ke7 30. Kf2 Rf8 31. Rdd1 Rb8 32. Bf1 Bc7 33. Be1 Rd8 34. Rc4 Bb6 35. Be2 Ne6 36. Rd5 Kf6 37. Bc3 Nd4 38. Rxd8 Bxd8 39. Be1 Bb6 40. Kf1 Rd6 41. Rc1 Nc6 42. a4 a5 43. Bc4 Nd4 44. Bd5 h6 45. Bc3 Rd8 46. Bb2 Ke7 47. Ba3 Kd6 48. Ke1 g5 49. Bc4 1/2-1/2